ASOIAF Visited Settlements Quiz Stats

 Plays Quiz not verified by Sporcle

Score 0/61 Timer 14:00
0 Plays Today
Times Visited Settlement % Correct
27Winterfell
99.5%
80King's Landing
99.4%
33Castle Black
97.7%
12Riverrun
94.6%
20Meereen
94.3%
6Braavos
93.2%
4Sunspear
92.9%
7Eyrie
91.3%
5Twins
91.3%
3Pentos
90.1%
2Astapor
89.9%
3Vaes Dothrak
89.4%
1Yunkai
89.2%
4Qarth
88.3%
2Pyke
88.3%
7Dragonstone
88.3%
9Harrenhal
87.8%
1Dreadfort
87.6%
3Storm's End
84.7%
2Oldtown
83.2%
2Volantis
80.5%
3White Harbor
79.4%
2Moat Cailin
78.2%
1Deepwood Motte
70.9%
5Fist of the First Men
55.9%
3Maidenpool
55.3%
1Nightfort
53.4%
2Mole's Town
52.1%
2Darry
51.9%
1Duskendale
49.5%
1Rosby
45.6%
Times Visited Settlement % Correct
1Ten Towers
44.9%
2Saltpans
44.8%
1Raventree Hall
44.2%
1Bitterbridge
38.2%
1Griffin's Roost
37.9%
1Gates of the Moon
37.1%
1Acorn Hall
36.6%
1Barrowton
32%
1Vaes Tolorro
32%
2Oldstones
31.5%
1Whitetree
31%
2Queenscrown
29.8%
1Stoney Sept
26.6%
1Sisterton
26.5%
1Pennytree
22.8%
1Whispers
22%
1Lordsport
21.7%
1Lord Harroway's Town
19.3%
1Lord Hewett's Town
16.7%
1Selhorys
14.5%
1Pebbleton
14%
1Hag's Mire
11.5%
1Chroyane
11.5%
1Volon Therys
8.7%
2Crofter's Village
8.3%
1Greyguard
7.1%
1Hayford
6.2%
1Hammerhorn
6%
1Ghoyan Drohe
5.4%
1Sow's Horn
3.9%

You're not logged in!

Compare scores with friends on all Sporcle quizzes.
OR
Log In

Sporcle TV

Today on Sporcle TV


Watch our educational content, quiz creation guides, and fun videos on Sporcle TV.

Show Comments

Extras

Top Quizzes Today


Score Distribution

Your Account Isn't Verified!

In order to create a playlist on Sporcle, you need to verify the email address you used during registration. Go to your Sporcle Settings to finish the process.

Report this User

Report this user for behavior that violates our Community Guidelines.

Details: